The elements of transport /

Bibliographic Details
Main Author: Schumer, Leslie A. (Leslie Arthur), 1896-
Format: Book
Language:English
Published: London : Butterworth, 1955.
Subjects:

MARC

Tag First Indicator Second Indicator Subfields
LEADER 00000cam a2200000 4500
001 in00000083615
005 20151008053126.0
008 800411s1955 enka 00110 eng d
010 |a  55027585  
035 |a (OCoLC)06192101 
035 |9 AAH6310AM 
040 |a CBT  |c CBT  |d TXA  |d UtOrBLW 
049 |a TXAM  |c [458553] 
050 0 |a HE151  |b .S37 1955 
092 |a 385  |b S392e, 1955 
100 1 |a Schumer, Leslie A.  |q (Leslie Arthur),  |d 1896- 
245 1 4 |a The elements of transport /  |c With foreword by F. P. Mountjoy. 
264 1 |a London :  |b Butterworth,  |c 1955. 
300 |a 196 pages :  |b illustrations ;  |c 23 cm. 
336 |a text  |b txt  |2 rdacontent 
337 |a unmediated  |b n  |2 rdamedia 
338 |a volume  |b nc  |2 rdacarrier 
650 0 |a Transportation. 
999 |a MARS 
999 f f |s 7ec05646-c6da-3613-9554-328abbbb9020  |i 406898d1-dd7d-30eb-a33e-2f471415193c  |t 0 
952 f f |p ric  |a Texas A&M University  |b Rellis Campus  |c Joint Library Facility  |d Remote Storage  |t 0  |e HE151 .S37 1955  |h Library of Congress classification  |i unmediated -- volume  |m A14800878573 
998 f f |a HE151 .S37 1955  |t 0  |l Remote Storage